Đại học Humboldt 200 năm (1810 - 2010) : Kinh nghiệm Thế giới và Việt Nam

Сохранить в:
Библиографические подробности
Формат: Sách
Язык:Undetermined
Опубликовано:  Tri thức  2011
Предметы:
Метки: Добавить метку
Нет меток, Требуется 1-ая метка записи!
Thư viện lưu trữ: Trung tâm Thư viện - Trường Đại học Công nghiệp TP. Hồ Chí Minh
LEADER 00499nam a2200133Ia 4500
001 UIH_06989
008 231011s9999 xx 000 0 und d
082 |a  378 
245 0 |a  Đại học Humboldt 200 năm (1810 - 2010) : Kinh nghiệm Thế giới và Việt Nam 
260 |b  Tri thức 
260 |c  2011 
650 |a  Giáo dục Đại học; Đại học Humboldt;  
927 |a Sách 
980 |a Trung tâm Thư viện - Trường Đại học Công nghiệp TP. Hồ Chí Minh